Language Quiz

Random Language or Puzzle Quiz
Score 0/192 Timer 08:00
1 Play Today
% Correct
CEI
100%
OG
100%
0~O~0~O~0~O~0
100%
0~O~0~O~0~O~0
100%
go
100%
AFO
100%
FINISH
100%
IDP
95.5%
ARCD
95.3%
ice
95.3%
BWE
95.3%
0~O~0~O~0~O~0
95.1%
0~O~0~O~0~O~0
95.1%
web
94.3%
dip
94.2%
ILA
93.3%
0~O~0~O~0~O~0
93%
0~O~0~O~0~O~0
93%
LOWO
92.8%
card
92.8%
EHMO
92.2%
wool
92%
OWM
91.7%
0~O~0~O~0~O~0
91.6%
0~O~0~O~0~O~0
91.6%
0~O~0~O~0~O~0
91.5%
0~O~0~O~0~O~0
91.5%
0~O~0~O~0~O~0
91.5%
0~O~0~O~0~O~0
91.5%
KICQU
91.2%
home
91%
EAAR
90.9%
ail
90.3%
DUARF
90.2%
quick
90%
0~O~0~O~0~O~0
89.9%
0~O~0~O~0~O~0
89.9%
AJB
88.6%
EWKS
88.4%
THAO
88.3%
oaf
88.2%
GIWT
88.1%
0~O~0~O~0~O~0
87.8%
0~O~0~O~0~O~0
87.8%
TEWL
87.5%
ETS
87.3%
twig
87.3%
0~O~0~O~0~O~0
87.2%
0~O~0~O~0~O~0
87.2%
HUCS
87.1%
jab
87.1%
mow
86.8%
set
86.7%
0~O~0~O~0~O~0
86.7%
0~O~0~O~0~O~0
86.7%
RYFA
86.2%
welt
86.1%
skew
84.4%
area
84.3%
UPPM
83.5%
pump
81.9%
SHOCA
79%
such
78.9%
fraud
78.4%
% Correct
LISAA
75.9%
oath
75.5%
fray
75.3%
0~O~0~O~0~O~0
60.8%
0~O~0~O~0~O~0
60.8%
WHACES
55.2%
SLUWAR
54.3%
chaos
51%
SUTJO
49.9%
0~O~0~O~0~O~0
48.2%
0~O~0~O~0~O~0
48.2%
UHOYT
47.9%
alias
47.9%
0~O~0~O~0~O~0
47.8%
0~O~0~O~0~O~0
47.8%
BRYDE
47.4%
GROFTE
47%
walrus
46.8%
CHIFN
46.7%
VOLGE
46.5%
joust
46.3%
finch
46.1%
glove
45.3%
0~O~0~O~0~O~0
42.9%
0~O~0~O~0~O~0
42.9%
SHEEEC
41%
0~O~0~O~0~O~0
40.8%
0~O~0~O~0~O~0
40.8%
0~O~0~O~0~O~0
40.7%
0~O~0~O~0~O~0
40.7%
NACCHE
40.5%
cheese
40.3%
youth
40.3%
TRUTE
40.3%
FLUUES
38.2%
0~O~0~O~0~O~0
38%
0~O~0~O~0~O~0
38%
forget
37.9%
derby
37.6%
GONDII
32.4%
utter
32.4%
0~O~0~O~0~O~0
32%
0~O~0~O~0~O~0
32%
chance
31.5%
0~O~0~O~0~O~0
29.2%
0~O~0~O~0~O~0
29.2%
HEMROT
28.5%
0~O~0~O~0~O~0
28.3%
0~O~0~O~0~O~0
28.3%
useful
28%
ULLPAR
27.9%
HILGES
27.8%
TURBET
27.3%
indigo
26.7%
butter
26.3%
mother
25.3%
HAWLET
24.8%
0~O~0~O~0~O~0
23.3%
0~O~0~O~0~O~0
23.3%
WHOOLL
22.3%
GRISPN
22.3%
GAMEINI
21.8%
spring
21.8%
cashew
21.2%
% Correct
0~O~0~O~0~O~0
20.9%
0~O~0~O~0~O~0
20.9%
RONWAR
20.3%
hollow
20.3%
sleigh
19.4%
RECYLE
19.4%
HOTCRUST
19.3%
LIFERAG
19.2%
imagine
19.2%
0~O~0~O~0~O~0
18.6%
0~O~0~O~0~O~0
18.6%
plural
17.9%
narrow
17.5%
MUUNTA
17.5%
wealth
16.3%
0~O~0~O~0~O~0
16.2%
0~O~0~O~0~O~0
16.2%
GILTAID
14.9%
fragile
14.9%
0~O~0~O~0~O~0
13.3%
0~O~0~O~0~O~0
13.3%
autumn
12.5%
PHOWIRS
11.7%
digital
11.6%
celery
10.6%
HIMNEAC
10%
0~O~0~O~0~O~0
9.9%
0~O~0~O~0~O~0
9.9%
worship
9.9%
0~O~0~O~0~O~0
9.3%
0~O~0~O~0~O~0
9.3%
SECUBAE
8.9%
0~O~0~O~0~O~0
8.8%
0~O~0~O~0~O~0
8.8%
machine
8.7%
DAPULAP
8.5%
NILISOUL
8.3%
because
8.3%
CARROTT
8.2%
shortcut
7.7%
HULTIMI
7.7%
applaud
7.7%
SANECARP
7.4%
0~O~0~O~0~O~0
7.3%
0~O~0~O~0~O~0
7.3%
CHOOLLA
7.2%
0~O~0~O~0~O~0
6.7%
0~O~0~O~0~O~0
6.7%
illusion
6.2%
tractor
6.1%
0~O~0~O~0~O~0
5.9%
0~O~0~O~0~O~0
5.9%
lithium
5.5%
RUNIFTRUE
5.5%
alcohol
5.5%
pancreas
5.4%
TERNIFFED
5.3%
furniture
5.2%
COOSYGLYPH
4.7%
different
4.7%
PEACHRAGOIL
4.1%
psychology
4.1%
LEWL EDNO
2.7%
archipelago
2.7%
Remove Ads.
Support Sporcle.
Get the best of Sporcle when you Go Orange. This ad-free experience offers more features, more stats, and more fun while also helping to support Sporcle. Thank you for becoming a member.

You're not logged in!

Compare scores with friends on all Sporcle quizzes.
OR
Log In

Sporcle TV

Today on Sporcle TV


Watch our educational content, quiz creation guides, and fun videos on Sporcle TV.

Show Comments

Extras

Top Quizzes Today


Score Distribution

Paid Content

Your Account Isn't Verified!

In order to create a playlist on Sporcle, you need to verify the email address you used during registration. Go to your Sporcle Settings to finish the process.

Report this User

Report this user for behavior that violates our Community Guidelines.

Details: